10 Largest Asian Countries in Order Quiz Stats

 Plays Quiz Updated Dec 19, 2017

Score 0/10 Timer 02:00
0 Plays Today
% Correct
???
100%
???
97.4%
???
84.5%
???
63.5%
???
39.4%
???
21.4%
???
11.3%
???
8.5%
???
5.7%
???
5.7%

You're not logged in!

Compare scores with friends on all Sporcle quizzes.
Join for Free
OR
Log In

You Might Also Like...

Show Comments

Extras

Top Quizzes Today


Score Distribution

Your Account Isn't Verified!

In order to create a playlist on Sporcle, you need to verify the email address you used during registration. Go to your Sporcle Settings to finish the process.

Report this User

Report this user for behavior that violates our Community Guidelines.

Details: